| 000 | 00562nam a2200193 4500 | ||
|---|---|---|---|
| 999 |
_c2823 _d2823 |
||
| 003 | OSt | ||
| 005 | 20210722062108.0 | ||
| 008 | 210722b ||||| |||| 00| 0 eng d | ||
| 020 | _a9781118797884 | ||
| 040 | _cALUPE UNIVERSITY | ||
| 050 |
_aTS155 _b.O63 2014 |
||
| 110 | _aA Wiley Canada Custom Publication | ||
| 245 |
_aoperations management / _cWiley Canada Publications |
||
| 260 |
_aCanada; _bJohn Wiley and Sons Canada Limited _c2014 |
||
| 300 |
_a437 p. : _bill. _c28 cm |
||
| 650 | _aManagement | ||
| 710 | _aWiley Canada Custom | ||
| 942 |
_2lcc _cBK _nSO |
||